Engineering chemistry (Record no. 188273)

000 -LEADER
fixed length control field 00357nam a2200133Ia 4500
008 - FIXED-LENGTH DATA ELEMENTS--GENERAL INFORMATION
fixed length control field 220217s9999||||xx |||||||||||||| ||und||
082 ## - DEWEY DECIMAL CLASSIFICATION NUMBER
Classification number 640 JAI
100 ## - MAIN ENTRY--PERSONAL NAME
Personal name Jain, P.C and Jain, Monika
245 #0 - TITLE STATEMENT
Title Engineering chemistry
250 ## - EDITION STATEMENT
Edition statement 17
260 ## - PUBLICATION, DISTRIBUTION, ETC.
Place of publication, distribution, etc. Dhanpat rai publishing company
Name of publisher, distributor, etc. New Delhi
Date of publication, distribution, etc. 2011
300 ## - PHYSICAL DESCRIPTION
Extent 307p
Other physical details 175
650 ## - SUBJECT ADDED ENTRY--TOPICAL TERM
Topical term or geographic name entry element CHEMISTRY
Holdings
Withdrawn status Lost status Damaged status Not for loan Collection code Home library Current library Shelving location Date acquired Full call number Barcode Date last seen Price effective from Koha item type
        Humanity Science Central Library Central Library Book Cart 02/18/2022 640 JAI 23462 02/18/2022 02/18/2022 Books

Powered by Koha